000 00402nam a2200169Ia 4500
005 20240823012021.0
008 240823s9999||||xx |||||||||||||| ||und||
082 _A658.83 P0
100 _aKumar V
245 0 _aInternational Marketing Research
250 _a1st
260 _c2000
_b"PHI,New Delhi"
500 _aYES
650 _aManagement
_bManagement Studies
942 _cBK
999 _c163190
_d163190